02562cam a2200373 i 450000100090000000300090000900500170001800800410003502000180007604000380009408200210013210000260015324500540017925000200023326400500025330000400030333600260034333700280036933800270039749000310042450400510045550506120050652006910111865000350180965000380184465000440188265000400192665100100196665300200197665500170199694200120201399900170202595201460204218021094EG-ScBUE20230527094402.0140128s2014 enka f b 001 0 eng d a9781472527493 aDLCbengerdacDLCdDLCdEG-ScBUE04a741.019222bWIG1 aWigan, Mark,eauthor.10aThinking visually for illustrators /cMark Wigan. aSecond edition. 1aLondon ;aNew York :bFairchild Books,c2014. a183 pages :billustrations ;c24 cm 2rdacontentatextbtxt 2rdamediaaunmediatedbn 2rdacarrieravolumebnc0 aBasics illustration series aIncludes bibliographical references and index.0 aGetting Started -- Ideas generation -- Research -- Sketchbooks -- Inspiration -- Ways of Drawing -- A history of illustration -- Outsider art -- The portrait -- Life drawing -- Experimenting -- Print workshop -- Cross-media and cultural cut-ups -- Types of Illustration -- The decorative -- Social comment -- Caricature -- Reportage -- Underground urban street art -- Storytelling -- Fantastic worlds -- The New Digital Paradigm -- The next big thing in illustration -- The future is now -- Flexibility -- A Career in Illustration -- Collaboration -- Briefs and deadlines -- Industry insights -- Conclusion. a"Thinking Visually for Illustrators features a wide range of work, demonstrating diverse visual languages, context, ideas, techniques and skills. It also looks at the ways in which illustrators develop their own personal visual language. Contemporary illustrators from all over the world engaged in a diverse range of approaches to the discipline have contributed their artwork and commentaries on visual thinking and the working process. The text also features the work of recent graduates, present students and observations from educators past and present. This edition has been updated to include a new chapter on illustration for the digital context and new approaches to working"-- 7aDrawing, Psychology of.2BUEsh 7aThought and thinking.2BUEsh9737 7aInformation visualization.2BUEsh92948 7aVisual communication.2BUEsh937792 2BUEsh bGGENcMarch2018 vReading book 2ddccBB c26413d26385 00102ddc40708BaccahaMAINbMAINc2NDd2018-03-26ePurchasel3m6o741.019 WIGp000047512r2025-07-15 00:00:00s2024-12-22w2018-03-26yBB